000 00519nam a2200181 i 4500
001 179350
003 ES-MaACL
005 20240120062956.0
008 111108s2001 sp |||| |dspa d
020 _a84-87422-52-7
080 _a821.134.2-14"19"
100 1 _aRuiz de Torres, Juan,
_d1931-2014
_9155342
245 1 0 _aDel amor tardío /
_cJuan Ruiz de Torres.
260 _aMadrid :
_bCasa del Tiempo,
_c2001.
300 _a60 p. ;
_c21 cm.
852 _aES-MaACL
_j2306-F-13
999 _c179350
_d179350